000 00566nam a2200193Ia 4500
001 2864
003 OSt
005 20250826155953.0
008 241024s9999 xx 000 0 und d
040 _aCGIP0055
_bspa
_cCGIP0055
_eRDA
082 _aRD/370.79/ID19E/2012
100 _aIDEICE
245 0 _aEvaluación de impacto de coordinación docente en los centros educativos
260 _bSanto Domingo
_c2012
856 _uhttps://ideice.gob.do/documentacion/publicaciones-msg-set-id-5
901 _a9/4/2013 12:54:38 p.m.
942 _2ddc
_cLIB
_n0
999 _c9180
_d9180